Stanovenie všeobecnej hodnoty vynálezu a patentu diplomová práca

Na minha lista:
Detalhes bibliográficos
Autor principal: Kopál, Miroslav
Autor Corporativo: Fakulta podnikového manažmentu EU. Katedra podnikovohospodárska
Outros Autores: Matušovič, Martin
Formato: Livro
Idioma:eslovaco
Publicado em: Bratislava 2018
Tags: Adicionar Tag
Sem tags, seja o primeiro a adicionar uma tag!

MARC

LEADER 00000nbm a2200000 4500
001 0244909
005 20181004111830.6
041 0 |a slo 
044 |a SK 
245 1 0 |a Stanovenie všeobecnej hodnoty vynálezu a patentu  |b diplomová práca  |c Miroslav Kopál ; školiteľ: Martin Matušovič 
264 1 |a Bratislava  |c 2018 
300 |a 69 s. 
100 1 |a Kopál, Miroslav 
700 1 |a Matušovič, Martin 
710 2 |a Fakulta podnikového manažmentu EU. Katedra podnikovohospodárska